| 000 | 00478nam a2200145 a 4500 | ||
|---|---|---|---|
| 001 | 000048825 | ||
| 005 | 20201002061434.0 | ||
| 008 | 190415s2015 dr a r 000 0 spa d | ||
| 040 |
_aDO-SdBNP _bspa _cBNPHU |
||
| 082 |
_axxxx _bxxxx |
||
| 245 | 0 | 0 |
_aSubsistema de educación de personas jóvenes y adultas : / _cdiseño curricular del nivel básico. Primer ciclo. |
| 260 |
_aSanto Domingo : _bMINERD, _c2015. |
||
| 300 |
_a143 p. : _bil. ; _c28 cm. |
||
| 590 | _aInventariado, 2019/BT | ||
| 999 |
_c48313 _d48313 |
||